Životný cyklus projektu
Rôznorodosť používanej terminológie a zdôraznenie spoločných znakov používanej terminológie v oblasti projektového riadenia. Terminológia je použitá zo súboru noriem ISO 9000. Pojem projekt. Kategórie projektov. Životný cyklus projektu. Pojem trojimperatív.
Enregistré dans:
| Auteur principal: | |
|---|---|
| Format: | Chapitre de livre |
| Langue: | slovaque |
| Sujets: | |
| Tags: |
Pas de tags, Soyez le premier à ajouter un tag!
|
MARC
| LEADER | 00000naa$a2200000$$$4500 | ||
|---|---|---|---|
| 001 | 0059745 | ||
| 005 | 20230929122014.2 | ||
| 041 | 0 | |a slo | |
| 044 | |a SK | ||
| 245 | 1 | 0 | |a Životný cyklus projektu |c Petr Všetečka |
| 520 | |a Rôznorodosť používanej terminológie a zdôraznenie spoločných znakov používanej terminológie v oblasti projektového riadenia. Terminológia je použitá zo súboru noriem ISO 9000. Pojem projekt. Kategórie projektov. Životný cyklus projektu. Pojem trojimperatív. | ||
| 610 | 2 | 0 | |a projekty |
| 610 | 2 | 0 | |a riadenie projektové |
| 610 | 2 | 0 | |a terminológia |
| 610 | 2 | 0 | |a normy ISO |
| 100 | 1 | |a Všetečka, Petr | |